000
00253nam a2200097 a 4500
005
20200930080408.0
008
120420s1969 000 spa d
245
0
_a
The foreign relations of the United States.
260
_a
[s.l.],
_c
1969.
999
_c
36979
_d
36979
040
_a
DO-SdBNP